Quizzes
Events
Quiz Creation
Community
Videos
Private Events
Remove Ads
Sign In
Join for FREE
Feedback
Dark Mode
Quiz Categories
Sports
Geography
Music
Movies
Television
Just For Fun
Miscellaneous
History
Literature
Language
Science
Gaming
Entertainment
Religion
Holiday
For Kids
Quiz Lab
Recent
Popular Today
Quiz Kudos Today
Editor Picks
Curator Picks
Quizzes by...
Day
Popularity
Type
Ratings
Length
Year
Community
Subscriptions
Recent Discussions
Orange Saloon
Badges
Playlists
Quests
Create
Leaderboards
Showdown
Live 5
Trivia Bingo
Activity
Puzzle Library
Sporcle Events
Private Events
Virtual Trivia
Globe League
Become a Host
Pub Owners
SporcleCon
Opinionation
Our Games
Videos
Blog
Mobile Apps
Partnerships
Remove Ads and Go Orange
Feedback
Music
Pop Music
The Beatles
Song
Album
Lyrics
Bands
Singers
Artist
Clip
Rock
Rap
Classical
Billboard
Country Music
Kpop
Taylor Swift
Music
Pop Music
The Beatles
Song
Album
Lyrics
Bands
Singers
Artist
Clip
Rock
Rap
Classical
Billboard
Country Music
Kpop
Taylor Swift
Random Quiz
Search Sporcle
×
Quiz Lab
Quiz Lab
Music
Rock
Type in answers that appear in a list
Type in answers that appear in a list
Classic
Best Score? Go Orange.
Most Common Words in Muse Lyrics Stats
Can you name the most common words in Muse lyrics?
By
SuperFitz
15m
97 Questions
890 Plays
890 Plays
890 Plays
Comments
Comments
Give Quiz Kudos
Give Quiz Kudos
-
- Ratings
hide this ad
More Info
Replay
Link that replays current quiz
Next Quiz
Link to next quiz in quiz playlist
You Got
0%
They Got
Avg Score
50%
Avg Friend Score
Upgrade to see
Score Distribution
Jump to the score distribution portion of the page
Score
0/97
Timer
15:00
1
Play Today
Frequency
Word
% Correct
365
I
97.4%
152
a
94.8%
528
you
93.2%
412
the
89.2%
252
me
82%
50
so
78.8%
42
love
78.8%
472
and
78.7%
89
we
77.1%
152
in
76.9%
134
be
76.9%
305
to
76.6%
72
no
75.6%
201
your
73.4%
104
is
72.3%
163
it
71.8%
99
will
71.3%
29
do
71.3%
71
on
69.8%
91
can
68.9%
129
my
68.8%
95
for
65.5%
54
they
65.5%
81
are
61.7%
96
of
60.9%
64
us
60.1%
35
not
59.1%
77
our
57.7%
39
time
57.7%
40
when
56.4%
55
can't
56.2%
29
soul
56.2%
53
want
55.3%
Frequency
Word
% Correct
80
this
55.2%
64
don't
55.2%
60
have
54.4%
71
could
54.3%
75
that
53.4%
44
out
53.4%
95
I'm
53.3%
28
heart
52.8%
56
you're
52.1%
42
come
51.4%
42
one
51.1%
72
it's
51%
81
all
49.7%
45
won't
49.7%
37
what
49.5%
25
life
49.3%
27
see
48.6%
72
I'll
47.9%
52
now
47.7%
25
who
47.5%
34
up
47.3%
33
down
47.3%
31
how
47%
61
from
46.4%
30
too
46.2%
21
take
45.9%
47
feel
45.5%
27
like
44.7%
59
but
43.9%
47
never
43.9%
55
away
43.6%
45
let
43.5%
25
was
43.5%
Frequency
Word
% Correct
53
know
43.1%
38
with
42.9%
26
give
42.6%
21
there
41.9%
49
world
41.2%
34
am
40.8%
21
has
40.4%
49
just
39.2%
21
as
38.6%
43
make
38%
33
control
36.5%
41
yeah
34.3%
21
or
33.7%
22
hold
33.4%
42
you've
32.7%
26
been
30.4%
30
inside
30%
42
free
29.4%
25
by
28.4%
27
got
27%
21
say
26.9%
22
show
26.8%
24
last
25.5%
27
gonna
25.1%
29
into
24.2%
24
through
21.6%
20
care
20.9%
20
only
20%
23
left
18.1%
34
wrong
16.9%
26
there's
13.9%
Quiz Playlist
Details
Report
Send in Message
Add To Playlist
More Info:
Album tracks (including bonus tracks) only.
Classic:
Type in answers that appear in a list
Quiz Source
Last Updated: Feb 16, 2017
Quiz Scoreboard
CHALLENGE
Sign Up to Join the Scoreboard
Show All
Scores
Hide
Comments
May contain spoilers
Recently Published
9x9 Crossword: Cartoon Network
by jackfrog10
Miscellaneous
3m
College Basketball Coaching Resumes
by pancakes188
Sports
9m
Billboard Blitz: Fleetwood Mac
by CooCooCachoo
Music
15s
More to Explore
Quiz From the Vault
Featured Blog Post
Where Did the Easter Bunny Come From?
hide this ad
You Might Also Like...
Tags
Lyrics Quiz
Rock Quiz
Song Quiz
Alt Rock
common
muse
Rock Songs
Today's Top Quizzes in Music
Browse Music
hide this ad
Today's Top Quizzes in Rock
Browse Rock
Top Contributed Quizzes in Music
1
Taylor Swift All Songs (2024)
2
Guess the Artist- 70s Songs
3
7-to-1: Billboard Hot 100 #1 Hits of 2010s
4
Sorting Albums and Songs
5
Taylor Swift Logic Puzzle
6
KPOP LOGIC QUIZ
7
Guess the Taylor Swift song (Mystery Song)
8
Guess The Taylor Swift Lyrics Song #1
9
Billboard Blitz: ABBA
10
One Thing in Common: Music
Explore More
Trending Topics
Crossword
Anime
Disney
Marvel
NBA
Harry Potter
Kpop
Pokémon
WWE
Song
Soccer
Country
Puzzle
NFL
The Office
hide this ad
More By:
SuperFitz
Quiz
Plays
Rating
Category
Featured
Created
Most Common Words in Muse Lyrics
889
5.00
Music
Mar 29, 2016
Name the Muse songs (all of them!)
724
5.00
Music
Nov 26, 2012
Name the Biffy Clyro songs from one word.
283
5.00
Music
Jan 18, 2014
The Radiohead Connection
279
5.00
Music
Dec 8, 2012
Muse Song Anagrams
261
5.00
Music
Jan 23, 2014
Go to Creator's Profile
Score Distribution
Quiz Creator Spotlight
SuperFitz
Follow
Send a Message
Quizzes Created
-
Created Quiz Play Count
-
More By This Creator
Popular Quizzes Today
1
Find the US States - No Outlines Minefield
2
Find the Countries of Europe - No Outlines Minefield
3
The Countries of the World
4
Find the US States
5
Risky Map Clicking: Biggest States A-Z
6
US States
7
Popular People in 1961
8
Movies - When Are They Set?
More Music Quizzes
'Your Song' Lyrics
Published
Trending Quizzes
Risky Map Clicking: Least Populous States A-Z
1-10 Letter G Words
1-10 Letter F Words
Risky Map Clicking: Next State Alphabetically
Adjectives in 80s TV Shows
Recently Updated
Leaping Animals
pecheneg
Reality TV Shows (A-Z)
bhenderson79
Rickey Henderson's Hall of Fame Teammates
pecheneg
Champions League XIs: Arsenal
pecheneg
Quick Pick: Celebrities in WWE's Hall of Fame
aduchscher
A-Z Keypad Blitz II
pecheneg
Multiple Oscar Actors
pecheneg
Mystery Phrase Blitz: Oscar 'Best Actors'
pecheneg
F. Scott Fitzgerald Novels
LTH
Pick 3 Villains
ddd62291
Trending Topics
Anime
Marvel
Disney
Crossword
Kpop
NBA
Harry Potter
The Office
Pokémon
WWE
Soccer
Puzzle
NFL
Country
Song
Your Account Isn't Verified!
In order to create a playlist on Sporcle, you need to verify the email address you used during registration. Go to your
Sporcle Settings
to finish the process.
Report this User
Report this user for behavior that violates our
Community Guidelines
.
Details:
Send Report
Go to the Sporcle.com Mobile Site →
Comments